000 00421nam a2200145Ia 4500
008 220214s9999 xx 000 0 und d
022 _a0008-4271
245 0 _aCANADIAN JOURNAL OF SOIL SCIENCE
260 _bAgricultural Institute of Canada, Ottawa
_aCanada
310 _aQ
500 _aEnding Volume & Year: 71, 1991
500 _aMissing Volume: 71(3-4)
500 _aStarting Volume & Year: 58, 1978
942 _cBJ
999 _c13658
_d13658